000 00622nam a2200241Ia 4500
001 16538
005 20240113235717.0
007 ta
008 051219s a g b000 u 465 u
040 _aCotton College,Assam
041 _a465
082 _a523.8
_bT 449 R
100 _aTikhov, G. .
245 0 _aReaching for the Stars /
_cG.Tikhov.
_hTextual Documents
250 _a1st ed. /
260 _aU.S.S.R. :
_bForeign Languages Publishing ,
_cNd.
300 _a151p. :
_bill ;
_c19cm .
653 _aStars
653 _aG-Mathematics
942 _2ddc
_cBK
999 _c16520
_d16520